[Event "DSOL 04 Liga Final 1st"]
[Site "Playchess.com INT"]
[Date "2020.08.28"]
[Round "1.4"]
[White "Malditz, Dieter"]
[Black "Schaefer, Lukas"]
[Result "1/2-1/2"]
[WhiteElo "1777"]
[BlackElo "1529"]
[PlyCount "81"]
[EventDate "2020.06.22"]
[EventType "team-k.o. (rapid)"]
[EventCountry "GER"]
[SourceTitle "EXT 2021"]
[Source "ChessBase"]
[SourceDate "2020.10.23"]
[SourceVersion "1"]
[SourceVersionDate "2020.10.23"]
[SourceQuality "1"]
[WhiteTeam "Ludwigshafen II"]
[BlackTeam "Ostertal"]
[WhiteTeamCountry "GER"]
[BlackTeamCountry "GER"]

1. d4 Nf6 2. Nf3 e6 3. Bf4 d5 4. e3 Bd6 5. Bxd6 Qxd6 6. c3 0-0 7. Be2 b6 8. 0-0 Bb7 9. Ne5 Nbd7 10. Nxd7 Qxd7 11. Nd2 Rac8 12. Nf3 c5 13. Ne5 Qc7 14. Bd3 Nd7 15. f4 f5 16. g4 Qd8 17. gxf5 exf5 18. Qh5 Nxe5 19. fxe5 g6 20. Qh6 Qe7 21. Rf2 Qg7 22. Qg5 Rc7 23. Rg2 Bc8 24. Rf1 Kh8 25. Rf4 Qe7 26. Qh6 Qg7 27. Qg5 Qe7 28. Qg3 Qg7 29. Rh4 Kg8 30. Kh1 Rff7 31. Qg5 Rf8 32. Rf4 Kh8 33. Rh4 Kg8 34. Rf2 Rcf7 35. Rff4 Be6 36. Rh3 Rc7 37. Rh6 Qe7 38. Qg3 Qe8 39. Qg5 Rg7 40. Rh3 Qe7 41. Qxe7 1/2-1/2

[Event "DSOL 04 Liga Gr-A 1st"]
[Site "Playchess.com INT"]
[Date "2020.08.07"]
[Round "7.4"]
[White "Kessler, Thomas"]
[Black "Schaefer, Lukas"]
[Result "1-0"]
[WhiteElo "1821"]
[BlackElo "1529"]
[PlyCount "59"]
[EventDate "2020.06.22"]
[EventType "team-tourn (rapid)"]
[EventCountry "GER"]
[SourceTitle "EXT 2021"]
[Source "ChessBase"]
[SourceDate "2020.10.23"]
[SourceVersion "1"]
[SourceVersionDate "2020.10.23"]
[SourceQuality "1"]
[WhiteTeam "Ludwigshafen II"]
[BlackTeam "Ostertal"]
[WhiteTeamCountry "GER"]
[BlackTeamCountry "GER"]

1. e4 c5 2. c3 Nc6 3. Nf3 g6 4. d4 cxd4 5. cxd4 d5 6. e5 Bg4 7. Bb5 a6 8. Bxc6+ bxc6 9. Be3 e6 10. 0-0 Bb4 11. Qa4 Qb6 12. a3 Be7 13. Nbd2 Qb5 14. Qc2 Rb8 15. Rfc1 Rc8 16. b4 Bd8 17. Qb3 Ne7 18. Rc5 Qb7 19. Rac1 Bb6 20. R5c3 0-0 21. Qa4 Rc7 22. h3 Bxf3 23. Nxf3 Rfc8 24. g4 Kf8 25. Bh6+ Kg8 26. Qd1 Rd7 27. Ng5 Rcc7 28. Qf3 Nc8 29. Qf6 Bxd4 30. Qg7# 1-0

[Event "DSOL 04 Liga Gr-A 1st"]
[Site "Playchess.com INT"]
[Date "2020.06.26"]
[Round "1.4"]
[White "Schaefer, Lukas"]
[Black "Schoon, Christoph"]
[Result "1-0"]
[WhiteElo "1529"]
[BlackElo "1580"]
[PlyCount "45"]
[EventDate "2020.06.22"]
[EventType "team-tourn (rapid)"]
[EventCountry "GER"]
[SourceTitle "EXT 2021"]
[Source "ChessBase"]
[SourceDate "2020.10.23"]
[SourceVersion "1"]
[SourceVersionDate "2020.10.23"]
[SourceQuality "1"]
[WhiteTeam "Ostertal"]
[BlackTeam "Heisfelde"]
[WhiteTeamCountry "GER"]
[BlackTeamCountry "GER"]

1. e4 c5 2. Nf3 d6 3. d4 cxd4 4. Nxd4 Nf6 5. Nc3 Nc6 6. f3 Bd7 7. Be3 g6 8. Qd2 Bg7 9. 0-0-0 0-0 10. g4 a6 11. h4 h5 12. Be2 b5 13. Rdg1 Ne5 14. gxh5 Nxh5 15. f4 Nc4 16. Bxc4 bxc4 17. f5 Kh7 18. Qe2 Bb5 19. Qg4 Nf6 20. fxg6+ Kh8 21. Qg2 fxg6 22. Ne6 Qa5 23. Nxg7 1-0

[Event "GER-chT School WK 2"]
[Site "Playchess.com INT"]
[Date "2020.06.15"]
[Round "5.3"]
[White "Saphoerster, Erik"]
[Black "Schaefer, Lukas"]
[Result "1-0"]
[WhiteElo "1474"]
[BlackElo "1757"]
[PlyCount "67"]
[EventDate "2020.06.08"]
[EventType "team-swiss (blitz)"]
[EventRounds "7"]
[EventCountry "GER"]
[SourceTitle "EXT 2021"]
[Source "ChessBase"]
[SourceDate "2020.10.23"]
[SourceVersion "1"]
[SourceVersionDate "2020.10.23"]
[SourceQuality "1"]
[WhiteTeam "Kardinal von Galen"]
[BlackTeam "Ottweiler Gymn"]
[WhiteTeamCountry "GER"]
[BlackTeamCountry "GER"]

1. e4 c5 2. c3 Nc6 3. d4 cxd4 4. cxd4 d5 5. exd5 Qxd5 6. Nf3 Bg4 7. Nc3 Qd8 8. Be3 e6 9. Bc4 Nge7 10. h3 Bf5 11. 0-0 a6 12. a4 Na5 13. Ba2 Bg6 14. Ne5 Nac6 15. Nxg6 Nxg6 16. Re1 Bb4 17. Rb1 0-0 18. Qd3 Rc8 19. Rec1 Qd7 20. d5 Bxc3 21. bxc3 exd5 22. Qxd5 Qxd5 23. Bxd5 Rfd8 24. c4 Nce7 25. Bxb7 Rc7 26. Bxa6 Nf5 27. Bb6 Rcd7 28. Bxd8 Rxd8 29. c5 Nd4 30. Rd1 Nf4 31. Rxd4 Ne2+ 32. Bxe2 Rxd4 33. Rb8+ Rd8 34. Rxd8# 1-0